Kabale University Library Catalogue

The symbolic uses of politics (Record no. 6099)

MARC details
000 -LEADER
fixed length control field 00606cam a22001931 4500
003 - CONTROL NUMBER IDENTIFIER
control field OSt
005 - DATE AND TIME OF LATEST TRANSACTION
control field 20260206103946.0
008 - FIXED-LENGTH DATA ELEMENTS--GENERAL INFORMATION
fixed length control field 730213s1964 ilu b 000 0 eng
040 ## - CATALOGING SOURCE
Original cataloging agency KABLIB
Transcribing agency KABLIB
Language of cataloging eng
Description conventions rda
082 00 - DEWEY DECIMAL CLASSIFICATION NUMBER
Classification number 320.019
Edition number 23
Item number EDE
100 1# - MAIN ENTRY--PERSONAL NAME
Personal name Edelman, Murray J.
Fuller form of name (Murray Jacob),
9 (RLIN) 15501
245 14 - TITLE STATEMENT
Title The symbolic uses of politics
Statement of responsibility, etc. [by] Murray Edelman.
260 ## - PUBLICATION, DISTRIBUTION, ETC.
Place of publication, distribution, etc. Urbana,
Name of publisher, distributor, etc. University of Illinois Press,
Date of publication, distribution, etc. 1964.
300 ## - PHYSICAL DESCRIPTION
Extent 201 p.
Dimensions 24 cm..
504 ## - BIBLIOGRAPHY, ETC. NOTE
Bibliography, etc. note Bibliographical footnotes.
650 #0 - SUBJECT ADDED ENTRY--TOPICAL TERM
Topical term or geographic name entry element Political psychology.
9 (RLIN) 15190
650 #0 - SUBJECT ADDED ENTRY--TOPICAL TERM
Topical term or geographic name entry element Symbolism in politics.
9 (RLIN) 15191
942 ## - ADDED ENTRY ELEMENTS (KOHA)
Source of classification or shelving scheme Dewey Decimal Classification
Koha item type Book
Holdings
Withdrawn status Lost status Source of classification or shelving scheme Damaged status Not for loan Home library Current library Shelving location Date acquired Source of acquisition Total Checkouts Full call number Barcode Date last seen Price effective from Koha item type
    Dewey Decimal Classification     Mukombe Library Mukombe Library Open Access Section 06.02.2026 Donation   320.019 EDE 14571 06.02.2026 06.02.2026 Book

Kabale University Library | Kabale University P.O Box 317, Kabale, Uganda
Tel : +256754017033, +256774661503 E-mail : library@kab.ac.ug